[Event "C.to Mondiale U10"]
[Site "Antalya TUR"]
[Date "2009.11.21"]
[Round "10"]
[White "Forno, Diego"]
[Black "Sinjari, Dhimitri"]
[Result "1-0"]
[WhiteElo "1605"]
[BlackElo "1362"]
[PlyCount "82"]
[EventDate "2009.11.12"]

1. d4 d5 2. c4 e6 3. Nf3 Nf6 4. Bg5 Be7 5. e3 h6 6. Bh4 O-O 7. Nc3 b6 8. Bd3
Bb7 9. O-O Nbd7 10. Rc1 Rc8 11. cxd5 exd5 12. Re1 c5 13. b3 Re8 14. Bg3 Nh5 15.
Be5 Bf6 16. Bxf6 Nhxf6 17. Nb5 Ra8 18. Nd6 Rf8 19. Nxb7 Qc7 20. dxc5 Qxb7 21.
c6 Qc7 22. cxd7 Qxd7 23. Ba6 Rfe8 24. Qd3 Qd6 25. Red1 Qa3 26. Rc2 Red8 27. Nd4
Rd7 28. Bb5 Rdd8 29. f3 a6 30. Bc6 Ra7 31. Rb1 Rc8 32. Qc3 Nd7 33. b4 Qxc3 34.
Rxc3 Nb8 35. Rbc1 Rac7 36. Kf2 Kf8 37. Ke2 Ke7 38. Kd3 Kd6 39. b5 a5 40. a4 g5
41. g3 g4 1-0

[Event "C.to Mondiale U10 femminile"]
[Site "Antalya TUR"]
[Date "2009.11.13"]
[Round "2"]
[White "Gueci, Tea"]
[Black "Salim, Arzu"]
[Result "1/2-1/2"]
[WhiteElo "1632"]
[BlackElo "1485"]
[PlyCount "36"]
[EventDate "2009.11.12"]

1. e4 c5 2. Nf3 Nc6 3. d4 cxd4 4. Nxd4 g6 5. Nc3 Bg7 6. Be3 Nf6 7. f3 O-O 8. g4
d5 9. g5 Nh5 10. exd5 Nb4 11. Bc4 b6 12. a3 Na6 13. Qe2 Nc7 14. Nc6 Qd7 15.
O-O-O Bb7 16. Bb3 Bxc6 17. dxc6 Qxc6 18. Ba4 Qe6 1/2-1/2

[Event "C.to Mondiale U10 femminile"]
[Site "Antalya TUR"]
[Date "2009.11.16"]
[Round "6"]
[White "Gueci, Tea"]
[Black "Liao, Simone"]
[Result "1/2-1/2"]
[WhiteElo "1632"]
[BlackElo "1682"]
[PlyCount "54"]
[EventDate "2009.11.12"]

1. e4 e6 2. Nf3 d5 3. Nc3 Nf6 4. e5 Nfd7 5. d4 c5 6. dxc5 Nc6 7. Bf4 Bxc5 8.
Bd3 f6 9. exf6 Nxf6 10. Bg3 O-O 11. O-O Bd7 12. Ne5 Rc8 13. Qe2 Nb4 14. Rae1
Nxd3 15. Nxd3 Bb6 16. Rb1 Qe8 17. Ne5 Nh5 18. Nxd7 Nxg3 19. hxg3 Qxd7 20. Rbc1
Rf6 21. Nd1 Qd6 22. Ne3 Qe5 23. c3 Rcf8 24. Rce1 Bxe3 25. Qxe3 Qh5 26. Qe5 Rh6
27. Qxh5 Rxh5 1/2-1/2

[Event "C.to Mondiale U10 femminile"]
[Site "Antalya TUR"]
[Date "2009.11.18"]
[Round "7"]
[White "Vatansever, Buse"]
[Black "Gueci, Tea"]
[Result "1/2-1/2"]
[WhiteElo "1468"]
[BlackElo "1632"]
[PlyCount "86"]
[EventDate "2009.11.12"]

1. e4 c5 2. Nf3 d6 3. d4 cxd4 4. Nxd4 Nf6 5. Nc3 a6 6. Be2 e5 7. Nb3 Be6 8. O-O
Be7 9. Kh1 Nbd7 10. f4 exf4 11. Bxf4 Ne5 12. Bxe5 dxe5 13. Bf3 O-O 14. Qe2 Rc8
15. Rad1 Qc7 16. Rf2 Bc4 17. Qd2 Rfd8 18. Qc1 Rxd1+ 19. Qxd1 Rd8 20. Rd2 Rxd2
21. Qxd2 Kf8 22. h3 Bxb3 23. axb3 Qd6 24. Qxd6 Bxd6 25. Kh2 Ke7 26. Kg3 h6 27.
Kf2 Bc5+ 28. Ke2 Kd6 29. Kd3 b5 30. Ne2 Nd7 31. Ng3 g6 32. Bg4 Nb6 33. c3 Bf2
34. Nf1 h5 35. Be2 Bh4 36. g3 Bg5 37. Ne3 Bxe3 38. Kxe3 f6 39. Kd3 Kc5 40. b4+
Kd6 41. b3 Kc6 42. Bf3 Kd6 43. Be2 Kc6 1/2-1/2

[Event "C.to Mondiale U10 femminile"]
[Site "Antalya TUR"]
[Date "2009.11.19"]
[Round "8"]
[White "Gueci, Tea"]
[Black "Strgacich, Aylen"]
[Result "1/2-1/2"]
[WhiteElo "1632"]
[BlackElo "1749"]
[PlyCount "92"]
[EventDate "2009.11.12"]

1. e4 e5 2. Nf3 Nc6 3. d4 exd4 4. Nxd4 Nf6 5. Nc3 Bb4 6. Nxc6 bxc6 7. e5 Qe7 8.
Qe2 Nd5 9. Bd2 Bxc3 10. Bxc3 Nxc3 11. bxc3 O-O 12. g3 Qc5 13. c4 Ba6 14. Qe4
Rfe8 15. f4 d6 16. Bd3 g6 17. h4 dxe5 18. f5 Qd4 19. Qxd4 exd4+ 20. Kf2 gxf5
21. Rhf1 Re5 22. Kg2 Rae8 23. Rf4 Rc5 24. Rxd4 Ree5 25. Rf4 Ra5 26. Raf1 Rxa2
27. Rxf5 Rxf5 28. Rxf5 Bxc4 29. Bxc4 Rxc2+ 30. Rf2 Rxc4 31. Ra2 Rd4 32. Rxa7
Rd7 33. Ra6 c5 34. Rc6 Rd2+ 35. Kh3 Rc2 36. Rxc7 c4 37. Rc5 c3 38. Kg4 Rc1 39.
Rc4 c2 40. Rc5 Kg7 41. Rc6 f5+ 42. Kh5 Rg1 43. Rxc2 Rxg3 44. Rf2 Rc3 45. Rxf5
Rc4 46. Ra5 Kg8 1/2-1/2

[Event "C.to Mondiale U10 femminile"]
[Site "Antalya TUR"]
[Date "2009.11.20"]
[Round "9"]
[White "Ulusoy, Nisan"]
[Black "Gueci, Tea"]
[Result "0-1"]
[WhiteElo "1612"]
[BlackElo "1632"]
[PlyCount "88"]
[EventDate "2009.11.12"]

1. e4 c5 2. c3 Nf6 3. e5 Nd5 4. d4 cxd4 5. Nf3 e6 6. cxd4 d6 7. Nc3 Nxc3 8.
bxc3 Nc6 9. Bf4 d5 10. Bd3 Be7 11. O-O Bd7 12. Rc1 Rc8 13. c4 Nb4 14. Qe2 Nxd3
15. Qxd3 a6 16. Qb3 dxc4 17. Rxc4 Rxc4 18. Qxc4 Bb5 19. Qb3 Bxf1 20. Kxf1 b5
21. a4 Qa5 22. Qc2 O-O 23. axb5 Qxb5+ 24. Kg1 Rb8 25. Nd2 Qb2 26. Qc7 Qb7 27.
Qc2 Rc8 28. Qd1 Ba3 29. Nf1 a5 30. h3 Qc7 31. Qf3 Bc1 32. Bg3 Qc6 33. Qg4 Qd5
34. Qd1 Bb2 35. Qd3 Qxd4 36. Qa6 Qc5 37. Bf4 Qc4 38. Qb7 Bd4 39. Bg3 a4 40. Nd2
Qc6 41. Qe7 Qc1+ 42. Nf1 a3 43. Qd7 a2 44. Bf4 Qc4 0-1

[Event "C.to Mondiale U10 femminile"]
[Site "Antalya TUR"]
[Date "2009.11.21"]
[Round "10"]
[White "Gueci, Tea"]
[Black "Valyi, Blanka Borbala"]
[Result "0-1"]
[WhiteElo "1632"]
[BlackElo "1506"]
[PlyCount "68"]
[EventDate "2009.11.12"]

1. e4 c5 2. Nf3 d6 3. d4 cxd4 4. Nxd4 Nf6 5. Nc3 g6 6. g3 Bg7 7. Bg2 Nc6 8.
Nde2 Bd7 9. O-O O-O 10. Be3 b6 11. h3 Qc8 12. Kh2 Ne5 13. Rb1 Bc6 14. Nd5 Nxd5
15. exd5 Bb7 16. b3 Nd7 17. c4 f5 18. Nf4 Re8 19. Ne6 Bh8 20. Bd4 Nf6 21. g4
fxg4 22. hxg4 Rf8 23. Nxf8 Qxf8 24. Bxf6 Bxf6 25. f4 Qg7 26. Qe2 g5 27. Qe6+
Kh8 28. Be4 Bc8 29. fxg5 Be5+ 30. Kg2 Bxe6 31. dxe6 Rf8 32. Rh1 Qxg5 33. Rxh7+
Kg8 34. Rbh1 Qxg4# 0-1

[Event "C.to Mondiale U10 femminile"]
[Site "Antalya TUR"]
[Date "2009.11.22"]
[Round "11"]
[White "Dakhundaridze, Nino"]
[Black "Gueci, Tea"]
[Result "1-0"]
[WhiteElo "1485"]
[BlackElo "1632"]
[PlyCount "35"]
[EventDate "2009.11.12"]

1. e4 c5 2. Nf3 d6 3. d4 cxd4 4. Nxd4 Nf6 5. Nc3 a6 6. Bc4 e6 7. Be3 Be7 8. f3
Nc6 9. Qe2 Qc7 10. Bb3 O-O 11. g4 Nxd4 12. Bxd4 b5 13. h4 Nd7 14. g5 Nc5 15.
O-O-O Nxb3+ 16. axb3 Bd7 17. g6 hxg6 18. Rdg1 1-0

[Event "C.to Mondiale U12"]
[Site "Antalya TUR"]
[Date "2009.11.12"]
[Round "1"]
[White "Codenotti, Marco"]
[Black "Markovic, Aleksandar"]
[Result "1/2-1/2"]
[WhiteElo "2118"]
[BlackElo "1732"]
[PlyCount "59"]
[EventDate "2009.11.12"]

1. e4 c5 2. Nc3 Nc6 3. Nf3 Nf6 4. d4 d5 5. exd5 Nxd5 6. dxc5 Nxc3 7. Qxd8+ Nxd8
8. bxc3 f6 9. Be3 e5 10. Nd2 f5 11. Bb5+ Kf7 12. Nc4 Kf6 13. f3 Nf7 14. O-O-O
Be6 15. f4 exf4 16. Bd4+ Kg6 17. h4 h5 18. Rhe1 Bd5 19. Rd2 Rc8 20. Bd7 Rd8 21.
Ne5+ Nxe5 22. Bxf5+ Kxf5 23. Rxe5+ Kg6 24. Bf2 Bxc5 25. Bxc5 Bxa2 26. Rg5+ Kh6
27. Bxa7 Rxd2 28. Kxd2 Rd8+ 29. Bd4 g6 30. Kd3 1/2-1/2

[Event "C.to Mondiale U12"]
[Site "Antalya TUR"]
[Date "2009.11.12"]
[Round "1"]
[White "Naoum, Spyridon"]
[Black "Vesce, Emanuele"]
[Result "1-0"]
[WhiteElo "1885"]
[BlackElo "1611"]
[PlyCount "21"]
[EventDate "2009.11.12"]

1. d4 d5 2. c4 e6 3. Nc3 Nf6 4. cxd5 exd5 5. Bg5 Bd7 6. e3 c6 7. Bd3 Qa5 8. Qc2
Bb4 9. Nge2 O-O 10. O-O Re8 11. Rad1 {...} 1-0

[Event "C.to Mondiale U12"]
[Site "Antalya TUR"]
[Date "2009.11.13"]
[Round "2"]
[White "Kotik, Vitaliy"]
[Black "Codenotti, Marco"]
[Result "0-1"]
[WhiteElo "1804"]
[BlackElo "2118"]
[PlyCount "62"]
[EventDate "2009.11.12"]

1. Nf3 Nf6 2. g3 d5 3. Bg2 g6 4. O-O Bg7 5. d3 O-O 6. c4 c6 7. cxd5 cxd5 8. Nc3
Nc6 9. e4 d4 10. Ne2 e5 11. Ne1 Qb6 12. f4 Ng4 13. Nc2 Rd8 14. Kh1 Ne3 15. Bxe3
dxe3 16. Rb1 Nb4 17. Nxb4 Qxb4 18. f5 b6 19. Nc3 Ba6 20. Nd5 Qd4 21. Qf3 Bxd3
22. Rfd1 Rxd5 23. exd5 e4 24. Qg4 e2 25. Rxd3 Qxd3 26. Bxe4 Qd2 27. d6 e1=Q+
28. Rxe1 Qxe1+ 29. Kg2 Rd8 30. fxg6 hxg6 31. d7 Qd2+ 0-1

[Event "C.to Mondiale U12"]
[Site "Antalya TUR"]
[Date "2009.11.14"]
[Round "3"]
[White "Codenotti, Marco"]
[Black "Huber, Martin Christian"]
[Result "0-1"]
[WhiteElo "2118"]
[BlackElo "1935"]
[PlyCount "67"]
[EventDate "2009.11.12"]

1. e4 c5 2. Nf3 d6 3. d4 cxd4 4. Nxd4 Nf6 5. Nc3 a6 6. h3 e5 7. Nde2 Be7 8. g4
h6 9. Ng3 g6 10. Be3 Be6 11. Qd2 Bf8 12. O-O-O Nc6 13. Bg2 Qa5 14. Kb1 O-O-O
15. Qe2 Kb8 16. a3 Bg7 17. Nd5 Bxd5 18. exd5 Ne7 19. Rd3 Qb5 20. a4 Qc4 21. Qd2
Qxa4 22. Rb3 Ne8 23. Rb4 Qd7 24. Qd3 Ka8 25. Qb3 Nc8 26. Bf1 Na7 27. Rb6 Rc8
28. Qa3 Rc7 29. Ne4 f5 30. Nxd6 Bf8 31. Bb5 Nxb5 32. Rxa6+ bxa6 33. Qxa6+ Na7
34. Nc4 0-1

[Event "C.to Mondiale U12"]
[Site "Antalya TUR"]
[Date "2009.11.14"]
[Round "3"]
[White "Vesce, Emanuele"]
[Black "Tomici, Stefan"]
[Result "0-1"]
[WhiteElo "1611"]
[BlackElo "1935"]
[PlyCount "42"]
[EventDate "2009.11.12"]

1. d4 d5 2. c4 e6 3. Nc3 c5 4. dxc5 d4 5. Ne4 Bxc5 6. Nf3 Nc6 7. a3 Be7 8. g3
Nf6 9. Qc2 O-O 10. b4 Nxe4 11. Qxe4 f5 12. Qc2 e5 13. Bg2 e4 14. Ng5 h6 15. Nh3
Re8 16. Nf4 Bd6 17. O-O b6 18. Rd1 Bb7 19. Bd2 Qb8 20. Qb3 Kh7 21. Bh3 Ne7 0-1

[Event "C.to Mondiale U12"]
[Site "Antalya TUR"]
[Date "2009.11.15"]
[Round "4"]
[White "Lee, Kai Jie Edward"]
[Black "Codenotti, Marco"]
[Result "0-1"]
[WhiteElo "1775"]
[BlackElo "2118"]
[PlyCount "73"]
[EventDate "2009.11.12"]

1. e4 c5 2. Nf3 d6 3. Bc4 Nc6 4. Qe2 g6 5. O-O Bg7 6. h3 e6 7. c3 Nge7 8. Bb3
O-O 9. Rd1 e5 10. d3 Rb8 11. Be3 b5 12. d4 exd4 13. cxd4 c4 14. Bc2 Nb4 15. a3
Nxc2 16. Qxc2 d5 17. Bf4 Rb6 18. e5 f6 19. Qd2 a5 20. Nc3 b4 21. axb4 axb4 22.
Na4 Rb5 23. Nc5 Nc6 24. Ra8 Qe7 25. exf6 Bxf6 26. Bh6 Bg7 27. Re1 Bxh6 28. Qxh6
Qf7 29. Qh4 h5 30. Re3 c3 31. Re2 b3 32. Ra3 c2 33. Re1 Bf5 34. Rc1 Nb4 35. Ne5
Qg7 36. Nxb3 Na2 37. Ra1 0-1

[Event "C.to Mondiale U12"]
[Site "Antalya TUR"]
[Date "2009.11.15"]
[Round "4"]
[White "Samardzic, Nikola"]
[Black "Vesce, Emanuele"]
[Result "1-0"]
[WhiteElo "1713"]
[BlackElo "1611"]
[PlyCount "51"]
[EventDate "2009.11.12"]

1. e4 c5 2. Nf3 d6 3. c3 Nf6 4. h3 Bd7 5. Bd3 Nc6 6. Bc2 Qc7 7. O-O e6 8. Re1
Be7 9. d4 cxd4 10. cxd4 O-O 11. Nc3 a6 12. Be3 Rac8 13. Rc1 Na5 14. e5 Ne8 15.
Ng5 g6 16. Ne2 Qd8 17. Ne4 Nc4 18. Bh6 Nxb2 19. Qd2 Ng7 20. exd6 Bh4 21. g3 f5
22. Nc5 Bf6 23. Bb3 Rxc5 24. Rxc5 Na4 25. Rc7 Nb6 26. Nf4 1-0

[Event "C.to Mondiale U12"]
[Site "Antalya TUR"]
[Date "2009.11.16"]
[Round "5"]
[White "Codenotti, Marco"]
[Black "Emdin, Mark"]
[Result "1-0"]
[WhiteElo "2118"]
[BlackElo "1932"]
[PlyCount "42"]
[EventDate "2009.11.12"]

1. e4 e6 2. d4 d5 3. Nd2 c5 4. Ngf3 cxd4 5. Nxd4 Nc6 6. Bb5 Bd7 7. Nxc6 Bxc6 8.
Bd3 Bd6 9. O-O Ne7 10. Qe2 Ng6 11. g3 O-O 12. c4 Ne7 13. Nf3 f6 14. e5 fxe5 15.
Nxe5 Nf5 16. Re1 Bxe5 17. Qxe5 Qf6 18. Bf4 Nd4 19. Kg2 a5 20. Qxf6 gxf6 21.
cxd5 exd5 1-0

[Event "C.to Mondiale U12"]
[Site "Antalya TUR"]
[Date "2009.11.16"]
[Round "5"]
[White "Vesce, Emanuele"]
[Black "Bicer, Sena Aksel"]
[Result "1/2-1/2"]
[WhiteElo "1611"]
[BlackElo "1728"]
[PlyCount "42"]
[EventDate "2009.11.12"]

1. d4 Nf6 2. c4 g6 3. Nf3 Bg7 4. g3 d6 5. Bg2 O-O 6. O-O Nbd7 7. Nc3 e5 8. e3
Nh5 9. b4 Kh8 10. Qb3 f5 11. Rd1 Rb8 12. Bb2 Re8 13. c5 Nhf6 14. Ng5 Re7 15.
Nf7+ Rxf7 16. Qxf7 Nf8 17. Qb3 e4 18. Ne2 d5 19. b5 Bd7 20. a4 c6 21. Nc3 Ne6
1/2-1/2

[Event "C.to Mondiale U12"]
[Site "Antalya TUR"]
[Date "2009.11.16"]
[Round "6"]
[White "Mraz, Ondrej"]
[Black "Vesce, Emanuele"]
[Result "1/2-1/2"]
[WhiteElo "1760"]
[BlackElo "1611"]
[PlyCount "31"]
[EventDate "2009.11.12"]

1. e4 c5 2. Nf3 d6 3. d4 cxd4 4. Nxd4 Nf6 5. Nc3 a6 6. Be3 e5 7. Nb3 Be6 8. f4
Nc6 9. f5 Bc8 10. Be2 b5 11. O-O Be7 12. Bf3 Na5 13. Nxa5 Qxa5 14. Bg5 Qc7 15.
Bxf6 Bxf6 16. Nd5 1/2-1/2

[Event "C.to Mondiale U12"]
[Site "Antalya TUR"]
[Date "2009.11.16"]
[Round "6"]
[White "Sadikhov, Ulvi Ramil Oglu"]
[Black "Codenotti, Marco"]
[Result "0-1"]
[WhiteElo "1980"]
[BlackElo "2118"]
[PlyCount "41"]
[EventDate "2009.11.12"]

1. e4 c5 2. Nf3 d6 3. d4 cxd4 4. Nxd4 Nf6 5. Nc3 a6 6. Bc4 e6 7. Bb3 Be7 8. g4
h6 9. Be3 Nc6 10. f3 Nxd4 11. Qxd4 Nd7 12. O-O-O b5 13. a3 Bb7 14. Rhg1 Ne5 15.
Rdf1 Rc8 16. Qd2 Nc4 17. Bxc4 Rxc4 18. b3 Rc8 19. Kb2 Qa5 20. f4 d5 21. exd5
0-1

[Event "C.to Mondiale U12"]
[Site "Antalya TUR"]
[Date "2009.11.18"]
[Round "7"]
[White "Codenotti, Marco"]
[Black "Vavulin, Maksim"]
[Result "1-0"]
[WhiteElo "2118"]
[BlackElo "2002"]
[PlyCount "93"]
[EventDate "2009.11.12"]

1. e4 e5 2. Nf3 Nc6 3. d4 exd4 4. Nxd4 Bc5 5. Be3 Qf6 6. c3 Nge7 7. Bc4 Ne5 8.
Be2 Qg6 9. O-O O-O 10. Nd2 d6 11. Bh5 Qf6 12. f4 N5c6 13. Nc4 Bxd4 14. Bxd4
Nxd4 15. cxd4 d5 16. e5 Qa6 17. Ne3 Nf5 18. Qd2 c6 19. Bf3 Qb6 20. Nxf5 Bxf5
21. g4 Bd7 22. f5 Qd8 23. Bg2 Qh4 24. Rf3 h6 25. f6 g6 26. Raf1 Rac8 27. Rh3
Qg5 28. Qxg5 hxg5 29. Rh6 Be6 30. h4 c5 31. hxg5 cxd4 32. Kf2 Rc2+ 33. Kg3
Rxg2+ 34. Kxg2 Bxg4 35. Rh4 Be2 36. Rfh1 Bh5 37. Rxd4 Rc8 38. Rxd5 Rc2+ 39. Kg3
Rxb2 40. Rf1 Rxa2 41. Rd8+ Kh7 42. Rc8 Ra3+ 43. Kf4 Ra4+ 44. Ke3 Ra3+ 45. Kd4
Ra4+ 46. Kc3 Ra3+ 47. Kb2 1-0

[Event "C.to Mondiale U12"]
[Site "Antalya TUR"]
[Date "2009.11.19"]
[Round "8"]
[White "Markovic, Aleksandar"]
[Black "Vesce, Emanuele"]
[Result "1-0"]
[WhiteElo "1732"]
[BlackElo "1611"]
[PlyCount "48"]
[EventDate "2009.11.12"]

1. e4 c5 2. Nf3 d6 3. d4 cxd4 4. Nxd4 Nf6 5. Nc3 a6 6. Bg5 e6 7. f4 Nbd7 8. Qf3
Qc7 9. O-O-O b5 10. Bxf6 Nxf6 11. e5 Bb7 12. Qh3 dxe5 13. Ncxb5 axb5 14. Bxb5+
Ke7 15. fxe5 Qxe5 16. Rhe1 Qg5+ 17. Kb1 Be4 18. Bc6 Qa5 19. Bxa8 Qxa8 20. Qb3
Bd5 21. Qb4+ Ke8 22. Qb5+ Nd7 23. c4 Be4+ 24. Ka1 Bc5 1-0

[Event "C.to Mondiale U12"]
[Site "Antalya TUR"]
[Date "2009.11.19"]
[Round "8"]
[White "Zenzera, Alexey"]
[Black "Codenotti, Marco"]
[Result "1-0"]
[WhiteElo "2142"]
[BlackElo "2118"]
[PlyCount "65"]
[EventDate "2009.11.12"]

1. d4 Nf6 2. c4 g6 3. Nc3 d5 4. Nf3 Bg7 5. g3 O-O 6. Bg2 dxc4 7. O-O Nbd7 8.
Re1 c6 9. a4 Nd5 10. a5 Nxc3 11. bxc3 e5 12. Bg5 Qc7 13. Qa4 exd4 14. Nxd4 Nc5
15. Qxc4 Ne6 16. Be3 Nxd4 17. cxd4 Be6 18. Qa4 Rad8 19. Rac1 Bd5 20. Bg5 f6 21.
Bf4 Qd7 22. e4 Bf7 23. Red1 f5 24. e5 Bd5 25. Bxd5+ Qxd5 26. Rc5 Qe6 27. a6 b5
28. Qc2 Rc8 29. Rc1 g5 30. Bxg5 f4 31. Rxc6 Rxc6 32. Qxc6 Qg4 33. Bf6 1-0

[Event "C.to Mondiale U12"]
[Site "Antalya TUR"]
[Date "2009.11.20"]
[Round "9"]
[White "Codenotti, Marco"]
[Black "Ali Marandi, Cemil Can"]
[Result "1-0"]
[WhiteElo "2118"]
[BlackElo "2003"]
[PlyCount "79"]
[EventDate "2009.11.12"]

1. e4 c5 2. Nf3 e6 3. d4 cxd4 4. Nxd4 a6 5. c4 Nf6 6. Nc3 Bb4 7. Qd3 d5 8. exd5
exd5 9. Bg5 O-O 10. O-O-O dxc4 11. Qxc4 Bxc3 12. Qxc3 Ne4 13. Bxd8 Nxc3 14.
bxc3 Rxd8 15. Bc4 Rf8 16. Rhe1 Nd7 17. Re7 Nf6 18. Bb3 Bd7 19. Nf3 Bg4 20. Rxb7
Ne4 21. Rd4 Nc5 22. Bxf7+ Kh8 23. Rc7 Ne6 24. Bxe6 Bxe6 25. a4 Rae8 26. Re4 Bb3
27. Rxe8 Rxe8 28. a5 Bd5 29. c4 Bxf3 30. gxf3 Kg8 31. Kd2 Rd8+ 32. Ke3 Rd1 33.
c5 Ra1 34. Ra7 Ra3+ 35. Ke4 Ra4+ 36. Kd5 Rxa5 37. Kd6 Ra1 38. c6 Rd1+ 39. Ke7
Re1+ 40. Kd8 1-0

[Event "C.to Mondiale U12"]
[Site "Antalya TUR"]
[Date "2009.11.21"]
[Round "10"]
[White "Ghosh, Diptayan"]
[Black "Codenotti, Marco"]
[Result "1-0"]
[WhiteElo "2124"]
[BlackElo "2118"]
[PlyCount "65"]
[EventDate "2009.11.12"]

1. e4 c5 2. Nf3 d6 3. Bb5+ Nd7 4. d4 Ngf6 5. Nc3 cxd4 6. Qxd4 e5 7. Qd3 Be7 8.
Bg5 O-O 9. Bxd7 Qxd7 10. O-O-O Rd8 11. Bxf6 Bxf6 12. Nd5 Be7 13. Nxe5 Bg5+ 14.
f4 Bxf4+ 15. Nxf4 dxe5 16. Qg3 exf4 17. Rxd7 Bxd7 18. Qxf4 Bc6 19. Rd1 Rxd1+
20. Kxd1 Re8 21. e5 Bxg2 22. Qf2 Bc6 23. Qxa7 Rxe5 24. b4 f5 25. a4 Kf7 26. b5
Bf3+ 27. Kc1 Bg2 28. Qd4 Re6 29. Qf4 g6 30. a5 Be4 31. c4 h5 32. Kd2 Rf6 33. h4
1-0

[Event "C.to Mondiale U12"]
[Site "Antalya TUR"]
[Date "2009.11.22"]
[Round "11"]
[White "Codenotti, Marco"]
[Black "Harutyunian, Tigran K."]
[Result "1-0"]
[WhiteElo "2118"]
[BlackElo "2035"]
[PlyCount "64"]
[EventDate "2009.11.12"]

1. e4 c5 2. Nf3 d6 3. d4 cxd4 4. Nxd4 Nf6 5. Nc3 g6 6. Be3 Bg7 7. f3 Nc6 8. Qd2
O-O 9. O-O-O d5 10. Kb1 Nxd4 11. e5 Nf5 12. exf6 exf6 13. Bc5 Re8 14. Nxd5 Be6
15. Bb5 Rc8 16. Qf2 Bxd5 17. Bxe8 Qxe8 18. Rxd5 b6 19. g4 Ne7 20. Bxe7 Qxe7 21.
Rhd1 h6 22. Qe1 Qc7 23. Qc3 Qxc3 24. bxc3 Rxc3 25. R1d3 Rc4 26. Rd8+ Kh7 27.
R8d7 Rb4+ 28. Kc1 h5 29. Rxf7 hxg4 30. fxg4 Kg8 31. Rdd7 Bh6+ 32. Kd1 Rxg4 1-0

[Event "C.to Mondiale U12 femminile"]
[Site "Antalya TUR"]
[Date "2009.11.12"]
[Round "1"]
[White "Gueci, Laura"]
[Black "Amrayeva, Aytan Arzuman Qizi"]
[Result "1/2-1/2"]
[WhiteElo "1611"]
[BlackElo "1792"]
[PlyCount "52"]
[EventDate "2009.11.12"]

1. e4 e6 2. d4 d5 3. Nc3 dxe4 4. Nxe4 Bd7 5. Nf3 Bc6 6. Bd3 Nd7 7. O-O Ngf6 8.
Nxf6+ Nxf6 9. c3 Bxf3 10. Qxf3 c6 11. Bf4 Qd5 12. Qxd5 Nxd5 13. Be5 O-O-O 14.
Rfe1 h5 15. h3 Bd6 16. Bxg7 Rhg8 17. Bh6 Bf4 18. Bxf4 Nxf4 19. Be4 Nxh3+ 20.
Kf1 Nf4 21. g3 Nd5 22. Bf3 Rg5 23. Re4 Rdg8 24. Rh4 Rf5 25. Ke2 Nf6 26. Rah1
Rgg5 1/2-1/2

[Event "C.to Mondiale U12 femminile"]
[Site "Antalya TUR"]
[Date "2009.11.13"]
[Round "2"]
[White "Burmistrova, Alena"]
[Black "Gueci, Laura"]
[Result "1-0"]
[WhiteElo "1740"]
[BlackElo "1611"]
[PlyCount "107"]
[EventDate "2009.11.12"]

1. f4 d5 2. Nf3 Nf6 3. e3 Nc6 4. b3 g6 5. Bb2 Bg7 6. Bb5 Bd7 7. O-O a6 8. Bxc6
Bxc6 9. Ne5 Bd7 10. d3 O-O 11. Nd2 Bf5 12. Ndf3 Bg4 13. h3 Bxf3 14. Qxf3 e6 15.
e4 Rc8 16. exd5 Nxd5 17. c4 Ne7 18. Qxb7 Ra8 19. Rad1 Nf5 20. Rfe1 Bh6 21. Ng4
Bg7 22. Bxg7 Kxg7 23. Qe4 Qd4+ 24. Kh2 h5 25. Ne3 Qd6 26. Nxf5+ gxf5 27. Qe5+
Qxe5 28. Rxe5 Rfd8 29. d4 Rd6 30. Re3 Rad8 31. Red3 f6 32. Kg3 e5 33. d5 e4 34.
Rd4 Kf7 35. b4 Re8 36. c5 Rd7 37. d6 c6 38. Kf2 Ke6 39. a4 Rb8 40. g4 hxg4 41.
hxg4 e3+ 42. Kxe3 fxg4 43. Re4+ Kf7 44. f5 Re8 45. Rxe8 Kxe8 46. Rg1 a5 47. b5
cxb5 48. axb5 Rb7 49. b6 Kd7 50. Rxg4 Kc6 51. Kd4 a4 52. Re4 a3 53. Re3 Rh7 54.
Rxa3 1-0

[Event "C.to Mondiale U12 femminile"]
[Site "Antalya TUR"]
[Date "2009.11.14"]
[Round "3"]
[White "Gueci, Laura"]
[Black "Cusmuliuc, Diana-Elena"]
[Result "1-0"]
[WhiteElo "1611"]
[BlackElo "1640"]
[PlyCount "75"]
[EventDate "2009.11.12"]

1. e4 c5 2. Nf3 d6 3. d4 cxd4 4. Nxd4 Nf6 5. Nc3 a6 6. Bc4 b5 7. Bb3 Bb7 8. f3
e6 9. Be3 b4 10. Na4 Be7 11. Bxe6 fxe6 12. Nxe6 Qd7 13. Nxg7+ Kf7 14. Nb6 Qc6
15. Nxa8 Bxa8 16. Nf5 Nbd7 17. Qd2 d5 18. e5 Nxe5 19. Nxe7 Kxe7 20. Qxb4+ Kf7
21. O-O-O Rc8 22. c3 Nc4 23. Bd4 Rc7 24. Qb8 Nh5 25. b3 Na3 26. Qh8 Qg6 27. Kb2
Nc4+ 28. bxc4 Rb7+ 29. Ka3 Qc2 30. Ra1 Qb2+ 31. Ka4 Qc2+ 32. Ka5 Qb2 33. a3 Qc2
34. Qxa8 Rb2 35. Qxd5+ Kg6 36. Qe4+ Qxe4 37. fxe4 Rxg2 38. Rhg1 1-0

[Event "C.to Mondiale U12 femminile"]
[Site "Antalya TUR"]
[Date "2009.11.15"]
[Round "4"]
[White "Sadykova, Yasmin"]
[Black "Gueci, Laura"]
[Result "0-1"]
[WhiteElo "1863"]
[BlackElo "1611"]
[PlyCount "115"]
[EventDate "2009.11.12"]

1. e4 c5 2. Nf3 d6 3. d4 cxd4 4. Nxd4 Nf6 5. Nc3 a6 6. Bg5 e6 7. f4 Nc6 8. Nxc6
bxc6 9. e5 h6 10. Bh4 g5 11. fxg5 Nd5 12. Qg4 Be7 13. Ne4 hxg5 14. Bg3 Ne3 15.
Qe2 Nf5 16. exd6 Nxg3 17. Nxg3 Qxd6 18. Rd1 Qc7 19. a3 Rxh2 20. Qf3 Rxh1 21.
Nxh1 Bb7 22. Qc3 f6 23. Qe3 Bc8 24. Nf2 Qf4 25. Qb6 Qe5+ 26. Be2 Qc5 27. Qb3
Bd7 28. Qd3 Ra7 29. Qg6+ Kd8 30. Qh7 Bf8 31. Qg6 Qe7 32. Ne4 Kc7 33. Qxf6 Qxf6
34. Nxf6 Kd8 35. Bxa6 Bg7 36. Nxd7 Rxd7 37. Rxd7+ Kxd7 38. b4 Bb2 39. a4 Bc3+
40. Ke2 Bxb4 41. Kd3 Kd6 42. c3 Ba5 43. c4 Ke5 44. Bb7 c5 45. Ke3 Kf5 46. Kf3
Bb4 47. Be4+ Ke5 48. Bd3 Kd4 49. Be2 e5 50. Kg4 Bd2 51. a5 Bxa5 52. Kxg5 e4 53.
Kf4 Bd2+ 54. Kg4 Ke3 55. Bd1 Kf2 56. Bf3 exf3 57. gxf3 Ke3 58. f4 0-1

[Event "C.to Mondiale U12 femminile"]
[Site "Antalya TUR"]
[Date "2009.11.16"]
[Round "5"]
[White "Gueci, Laura"]
[Black "Kisteneva, Elizaveta"]
[Result "1/2-1/2"]
[WhiteElo "1611"]
[BlackElo "1797"]
[PlyCount "40"]
[EventDate "2009.11.12"]

1. e4 c5 2. Nf3 e6 3. d4 cxd4 4. Nxd4 Nf6 5. Nc3 d6 6. Bc4 Be7 7. Bb3 O-O 8.
Be3 Na6 9. Qe2 Nc5 10. f3 Nxb3 11. axb3 a6 12. O-O-O Qa5 13. Kb1 Bd7 14. g4
Rfc8 15. h4 b5 16. Rhg1 g6 17. g5 Ne8 18. f4 Ng7 19. Nf3 Bc6 20. Bd2 Bb7
1/2-1/2

[Event "C.to Mondiale U12 femminile"]
[Site "Antalya TUR"]
[Date "2009.11.16"]
[Round "6"]
[White "Lagunow, Elina"]
[Black "Gueci, Laura"]
[Result "0-1"]
[WhiteElo "1735"]
[BlackElo "1611"]
[PlyCount "52"]
[EventDate "2009.11.12"]

1. e4 c5 2. c3 Nf6 3. e5 Nd5 4. d4 cxd4 5. cxd4 e6 6. Nf3 d6 7. Bd3 Nc6 8. O-O
Be7 9. Qb3 O-O 10. Nc3 Nxc3 11. Qxc3 Bd7 12. Bf4 Qc7 13. Rac1 Rac8 14. a3 d5
15. Rc2 Qb6 16. Qd2 Na5 17. b4 Nc4 18. Bxc4 Rxc4 19. Rxc4 dxc4 20. Rc1 Rc8 21.
Qa2 Qa6 22. Nd2 c3 23. Ne4 Bxb4 24. Ra1 Qd3 25. Be3 Qxe4 26. axb4 Bc6 0-1

[Event "C.to Mondiale U12 femminile"]
[Site "Antalya TUR"]
[Date "2009.11.18"]
[Round "7"]
[White "Gueci, Laura"]
[Black "Baghirova, Khatin Mahammad Qizi"]
[Result "0-1"]
[WhiteElo "1611"]
[BlackElo "1767"]
[PlyCount "66"]
[EventDate "2009.11.12"]

1. e4 c5 2. Nf3 d6 3. d4 cxd4 4. Nxd4 Nf6 5. Nc3 a6 6. Bg5 e6 7. f4 Be7 8. Qf3
Qc7 9. O-O-O Nbd7 10. Bd3 Rb8 11. Rhe1 b5 12. Re2 Bb7 13. Qg3 g6 14. Rde1 b4
15. Nb1 Nh5 16. Qf2 Bxg5 17. fxg5 e5 18. Nf3 Nf4 19. Re3 Rc8 20. g3 Nxd3+ 21.
Rxd3 Nc5 22. Rde3 a5 23. b3 Ba6 24. Kb2 a4 25. Qd2 Rb8 26. h4 O-O 27. Nh2 axb3
28. cxb3 Ne6 29. Rc1 Qb6 30. Nf3 Rfc8 31. Ree1 Rxc1 32. Rxc1 Nc5 33. Qd5 Nd3+
0-1